| 000 | 00725nam 22002053 4500 | ||
|---|---|---|---|
| 001 | 201575 | ||
| 010 | _a972-31-1033-4 | ||
| 021 |
_aPT _b195621/03 |
||
| 090 | _a201575 | ||
| 100 | _a20260330d u||y0pory50 ba | ||
| 200 |
_aO jogo do desejo em Claude Crébillon: estudo dos processos retóricos da sedução _fAna Alexandra Seabra de Carvalho |
||
| 210 |
_aLisboa _cFundação Calouste Gulebnkian _d2003 |
||
| 215 |
_a614, [2] p. _cbrochado _d23 cm |
||
| 225 | _aTextos universitários de ciências sociais e humanas | ||
| 606 |
_93661 _aCrítica Literária.Estudos Literários |
||
| 675 |
_a82.09 _vPT _zpor |
||
| 700 |
_917013 _aCarvalho _bAna Alexandra Seabra de _f1964- |
||
| 801 |
_aPT _bBMMN _gRPC |
||
| 830 | _cVanda | ||
| 990 | _cLIVROS | ||